Annual report - Danish Atomic Energy Commission.

Bibliographic Details
Previous Title:Denmark. Atomenergikommissionen. Report on the activities of the Danish Atomic Energy Commission
Corporate Author: Denmark. Atomenergikommissionen
Format: Serial
Language:English
Published: [Copenhagen] Danish Atomic Energy Commission.
Subjects:
Online Availability: Check for online availability

MARC

Tag First Indicator Second Indicator Subfields
LEADER 00000cas a2200000 4500
001 in00000069790
005 20161110153824.0
008 760330u1966uuuudk ar f0 a0eng
010 |a  75645373  
035 |a (OCoLC)ocm02246013 
035 |a (OCoLC)02246013 
035 |9 AAJ4563AM 
040 |a DLC  |b eng  |c DLC  |d NSD  |d DLC  |d OCL  |d NYG  |d NST  |d DLC  |d NLM  |d OCLCQ  |d UKMGB  |d OCLCO  |d OCLCF 
016 7 |a 9877108  |2 DNLM 
016 7 |a A42105000  |2 DNLM 
016 7 |a 009839086  |2 Uk 
022 |a 0418-6427  |l 0418-6427  |2 0 
029 1 |a NLM  |b 9877108 
029 1 |a AU@  |b 000000986984 
035 |a (OCoLC)2246013 
037 |b Strandgade 29, 1401 K 
042 |a pcc  |a nsdp 
043 |a e-dk--- 
050 0 0 |a QC792.78.D4  |b D45a 
082 |a 354/.489/00855 
090 |a QC770  |b .D43 
049 |a TXAM 
110 1 |a Denmark.  |b Atomenergikommissionen. 
222 0 |a Annual report - Danish Atomic Energy Commission 
245 0 0 |a Annual report - Danish Atomic Energy Commission. 
264 1 |a [Copenhagen]  |b Danish Atomic Energy Commission. 
300 |a volumes :  |b illustrations ;  |c 24 cm. 
336 |a text  |b txt  |2 rdacontent 
337 |a unmediated  |b n  |2 rdamedia 
338 |a volume  |b nc  |2 rdacarrier 
362 0 |a 10th- 1965/66- 
515 |a Report year ends Mar. 31. 
530 |a Also issued online. 
610 1 0 |a Denmark.  |b Atomenergikommissionen. 
610 1 7 |a Denmark.  |b Atomenergikommissionen.  |2 fast  |0 (OCoLC)fst00522032 
776 0 8 |i Online version:  |a Denmark. Atomenergikommissionen.  |t Annual report - Danish Atomic Energy Commission  |w (OCoLC)564560080 
780 0 0 |a Denmark. Atomenergikommissionen.  |t Report on the activities of the Danish Atomic Energy Commission  |x 0415-3278  |w (DLC) 67056958  |w (OCoLC)1566160 
850 |a DLC  |a N  |a NBuU-SE  |a NcRS 
936 |a 1966/67 
994 |a C0  |b TXA 
949 |a updated  |b h  |c 2016/11/10  |e coplinger  |f 3:38:17 pm 
999 f f |s 43fd3db3-35c8-3409-9114-759bee7bfc99  |i d08b61d1-98d8-32ac-a0b5-741b067a8981  |t 0 
952 f f |p ric  |a Texas A&M University  |b Rellis Campus  |c Joint Library Facility  |d Remote Storage  |t 0  |e QC770 .D43  |h Library of Congress classification  |i unmediated -- volume  |k 17th  |l 1972/1973  |m A14837893009 
952 f f |p ric  |a Texas A&M University  |b Rellis Campus  |c Joint Library Facility  |d Remote Storage  |t 0  |e QC770 .D43  |h Library of Congress classification  |i unmediated -- volume  |k 15th  |l 1970/1971  |m A14837892922 
952 f f |p ric  |a Texas A&M University  |b Rellis Campus  |c Joint Library Facility  |d Remote Storage  |t 0  |e QC770 .D43  |h Library of Congress classification  |i unmediated -- volume  |k 19th  |l 1974/1975  |m A14837893083 
952 f f |p ric  |a Texas A&M University  |b Rellis Campus  |c Joint Library Facility  |d Remote Storage  |t 0  |e QC770 .D43  |h Library of Congress classification  |i unmediated -- volume  |k 18th  |l 1973/1974  |m A14837893041 
952 f f |p ric  |a Texas A&M University  |b Rellis Campus  |c Joint Library Facility  |d Remote Storage  |t 0  |e QC770 .D43  |h Library of Congress classification  |i unmediated -- volume  |k 16th  |l 1971/1972  |m A14837892964 
952 f f |p ric  |a Texas A&M University  |b Rellis Campus  |c Joint Library Facility  |d Remote Storage  |t 0  |e QC770 .D43  |h Library of Congress classification  |i unmediated -- volume  |k 14th  |l 1969/1970  |m A14837892883 
998 f f |a QC770 .D43  |s 1969/1970-1974/1975  |t 0  |l Remote Storage